[Event "MGL-ch"]
[Site "Ulaanbaatar"]
[Date "2011.04.01"]
[Round "11"]
[White "Bayarmandakh, Balgan"]
[Black "Enkhsaikhan, Batmunkh"]
[Result "1/2-1/2"]
[WhiteElo "2283"]
[BlackElo "2195"]
[PlyCount "109"]
[EventDate "2011.03.25"]
[EventType "tourn"]
[EventRounds "15"]
[EventCountry "MGL"]
[EventCategory "3"]
[SourceTitle "CBM 141 Extra"]
[Source "ChessBase"]
[SourceDate "2011.05.03"]
[SourceVersion "1"]
[SourceVersionDate "2011.05.03"]
[SourceQuality "1"]

1. d4 Nf6 2. c4 g6 3. Nf3 Bg7 4. g3 d5 5. Bg2 0-0 6. 0-0 c6 7. Nbd2 Na6 8. e3 Bf5 9. Qb3 Qb6 10. Qxb6 axb6 11. cxd5 cxd5 12. Nb3 Bd3 13. Rd1 Nb4 14. Bd2 Nc2 15. Rab1 Ne4 16. Nc1 Bb5 17. Bf1 Bxf1 18. Kxf1 Rfc8 19. a3 h5 20. h4 f6 21. Nd3 g5 22. Bb4 g4 23. Nd2 Nxg3+ 24. fxg3 Nxe3+ 25. Kf2 Bh6 26. Nf1 Nxd1+ 27. Rxd1 Rc4 28. Nf4 Rc2+ 29. Rd2 Rac8 30. Ne3 Rxd2+ 31. Bxd2 Bxf4 32. gxf4 e6 33. f5 exf5 34. Kg3 Kf7 35. Bc3 Re8 36. Nxd5 Re4 37. Nf4 Re3+ 38. Kg2 Re4 39. Nxh5 f4 40. d5 g3 41. Kg1 Rc4 42. Kf1 Ke7 43. Kg2 Re4 44. Kg1 Rc4 45. Bd2 Rd4 46. Bxf4 Kf7 47. Be3 Rd3 48. Bxb6 Rxd5 49. Nxg3 Rd1+ 50. Kg2 Rd2+ 51. Kh3 Rxb2 52. Bc5 Rb3 53. Bb4 Kg6 54. h5+ Kf7 55. Kg4 1/2-1/2

[Event "MGL-ch"]
[Site "Ulaanbaatar"]
[Date "2011.03.30"]
[Round "10"]
[White "Enkhsaikhan, Batmunkh"]
[Black "Khatanbaatar, Bazar"]
[Result "1-0"]
[WhiteElo "2195"]
[BlackElo "2395"]
[PlyCount "129"]
[EventDate "2011.03.25"]
[EventType "tourn"]
[EventRounds "15"]
[EventCountry "MGL"]
[EventCategory "3"]
[SourceTitle "CBM 141 Extra"]
[Source "ChessBase"]
[SourceDate "2011.05.03"]
[SourceVersion "1"]
[SourceVersionDate "2011.05.03"]
[SourceQuality "1"]

1. e4 c5 2. c3 d5 3. exd5 Qxd5 4. d4 Nf6 5. Nf3 Bg4 6. Be2 cxd4 7. cxd4 e6 8. Nc3 Qa5 9. h3 Bh5 10. 0-0 Nc6 11. a3 Bd6 12. Be3 0-0 13. b4 Qd8 14. Qb3 Ne7 15. Bg5 h6 16. Bxf6 gxf6 17. Rfd1 f5 18. d5 e5 19. Nb5 e4 20. Nfd4 Bxe2 21. Nxe2 Kh7 22. Qe3 Rg8 23. Rac1 Ng6 24. Qd4 a6 25. Nxd6 Qxd6 26. Ng3 Nh4 27. Qc5 Qf6 28. Qd4 Qd6 29. Qc5 Qf6 30. Qd4 Qg5 31. Rc7 Raf8 32. d6 e3 33. d7 exf2+ 34. Qxf2 Rd8 35. Rc4 b5 36. Rf4 Qxg3 37. Rxh4 Qxf2+ 38. Kxf2 Rg6 39. Rhd4 Re6 40. Rd6 Kg7 41. Kf3 Kf6 42. R6d5 h5 43. g3 Re4 44. Rd6+ Ke7 45. Rxa6 Rxd7 46. Rxd7+ Kxd7 47. Rf6 Rc4 48. Rxf7+ Ke6 49. Rb7 h4 50. Rb6+ Ke7 51. gxh4 Rxh4 52. Kg3 Rd4 53. Rxb5 Rd3+ 54. Kh4 Kf6 55. a4 Rd4+ 56. Kg3 Rd3+ 57. Kf4 Rd4+ 58. Ke3 Rh4 59. a5 Rxh3+ 60. Kf4 Rh4+ 61. Kg3 Rh8 62. a6 Ke6 63. a7 Ra8 64. Rb7 Kd6 65. b5 1-0

[Event "MGL-ch"]
[Site "Ulaanbaatar"]
[Date "2011.03.27"]
[Round "6"]
[White "Enkhsaikhan, Batmunkh"]
[Black "Gunbayar, Myagmarsuren"]
[Result "1/2-1/2"]
[WhiteElo "2195"]
[BlackElo "2265"]
[PlyCount "93"]
[EventDate "2011.03.25"]
[EventType "tourn"]
[EventRounds "15"]
[EventCountry "MGL"]
[EventCategory "3"]
[SourceTitle "CBM 141 Extra"]
[Source "ChessBase"]
[SourceDate "2011.05.03"]
[SourceVersion "1"]
[SourceVersionDate "2011.05.03"]
[SourceQuality "1"]

1. e4 e5 2. Nf3 Nf6 3. Nxe5 d6 4. Nf3 Nxe4 5. Qe2 Qe7 6. d3 Nf6 7. Bg5 Qxe2+ 8. Bxe2 Be7 9. Nc3 h6 10. Bh4 Bd7 11. 0-0-0 0-0 12. d4 Re8 13. h3 c6 14. g4 Na6 15. Rde1 Nc7 16. Bg3 b5 17. Bd3 Ncd5 18. Ne4 Nxe4 19. Bxe4 Nf6 20. Nd2 Rac8 21. Bg2 Bf8 22. c4 bxc4 23. Nxc4 Be6 24. Nxd6 Bxd6 25. Bxd6 Bxa2 26. Kd2 Bc4 27. Bc5 a6 28. Rxe8+ Nxe8 29. Re1 Nf6 30. Kc2 Bb5 31. Bf3 Nd5 32. h4 Nf4 33. Be4 Rd8 34. b3 g6 35. h5 Kg7 36. hxg6 fxg6 37. Bb6 Rd7 38. f3 Kf6 39. Rd1 Nd5 40. Bxd5 Rxd5 41. Kd2 Rd7 42. Bc5 h5 43. gxh5 gxh5 44. Ke3 Kf5 45. Rh1 Rh7 46. Bd6 Rh6 47. Bc7 1/2-1/2

[Event "MGL-ch"]
[Site "Ulaanbaatar"]
[Date "2011.03.26"]
[Round "4"]
[White "Enkhsaikhan, Batmunkh"]
[Black "Erdene, Ganzorig"]
[Result "1-0"]
[WhiteElo "2195"]
[BlackElo "2342"]
[PlyCount "79"]
[EventDate "2011.03.25"]
[EventType "tourn"]
[EventRounds "15"]
[EventCountry "MGL"]
[EventCategory "3"]
[SourceTitle "CBM 141 Extra"]
[Source "ChessBase"]
[SourceDate "2011.05.03"]
[SourceVersion "1"]
[SourceVersionDate "2011.05.03"]
[SourceQuality "1"]

1. e4 c5 2. c3 Nf6 3. e5 Nd5 4. d4 cxd4 5. Nf3 e6 6. cxd4 Nc6 7. Bc4 Nb6 8. Bd3 d6 9. 0-0 Be7 10. Nc3 0-0 11. Qe2 d5 12. Re1 f5 13. exf6 Bxf6 14. Be3 Bd7 15. Rad1 Qe8 16. Bb5 Qh5 17. Bxc6 Bxc6 18. Bf4 Rae8 19. Bg3 a6 20. Qc2 Nd7 21. Ne5 Bxe5 22. Bxe5 Qf5 23. Rd3 Bb5 24. Nxb5 axb5 25. Qd2 Rc8 26. h3 Nxe5 27. Rxe5 Qg6 28. Rc3 Rc4 29. g3 Rf6 30. Kg2 Qb1 31. a3 h6 32. Qe2 Qg6 33. Qe3 Qf7 34. h4 Rf5 35. h5 Rxe5 36. Qxe5 Qf6 37. Qb8+ Kh7 38. Rf3 Qxd4 39. Rf8 Qxb2 40. Rh8# 1-0

[Event "MGL-ch"]
[Site "Ulaanbaatar"]
[Date "2010.04.08"]
[Round "10"]
[White "Enkhsaikhan, Batmunkh"]
[Black "Byambaa, Zulzaga"]
[Result "1-0"]
[WhiteElo "2196"]
[BlackElo "2350"]
[PlyCount "109"]
[EventDate "2010.04.03"]
[EventType "tourn"]
[EventRounds "15"]
[EventCountry "MGL"]
[EventCategory "2"]
[SourceTitle "EXT 2011"]
[Source "ChessBase"]
[SourceDate "2010.11.26"]
[SourceVersion "1"]
[SourceVersionDate "2010.11.26"]
[SourceQuality "1"]

1. e4 g6 2. d4 c6 3. Nf3 Bg7 4. Bd3 d5 5. e5 c5 6. c3 Nc6 7. h3 cxd4 8. cxd4 f6 9. exf6 exf6 10. 0-0 Nge7 11. Nc3 Be6 12. Re1 Bf7 13. Be3 0-0 14. Qd2 Nb4 15. Bb1 Qd7 16. a3 Nbc6 17. Bh6 Na5 18. Bxg7 Kxg7 19. Ba2 Nc4 20. Bxc4 dxc4 21. Ne4 Nd5 22. Rac1 b5 23. Nh2 h5 24. Nc3 Rad8 25. Nf1 Nc7 26. Red1 Ne6 27. Ne2 Qb7 28. Qb4 Qb6 29. a4 bxa4 30. Rxc4 Ng5 31. Qxb6 axb6 32. Rc7 Rc8 33. Rdc1 Rxc7 34. Rxc7 Rd8 35. Ra7 b5 36. Ne3 Kg8 37. Rb7 Bc4 38. Nxc4 bxc4 39. Rb4 Re8 40. Nc3 Re1+ 41. Kh2 h4 42. Rxc4 Rf1 43. f3 Rf2 44. Kg1 Rxb2 45. Nxa4 Rd2 46. Nc3 Nf7 47. d5 g5 48. f4 Rc2 49. Rc6 Kg7 50. Ne4 Re2 51. Nxf6 gxf4 52. Nh5+ Kg8 53. Nxf4 Rd2 54. Rg6+ Kf8 55. Rg4 1-0

[Event "MGL-ch"]
[Site "Ulaanbaatar"]
[Date "2010.04.05"]
[Round "5"]
[White "Khatanbaatar, Bazar"]
[Black "Enkhsaikhan, Batmunkh"]
[Result "0-1"]
[WhiteElo "2413"]
[BlackElo "2196"]
[PlyCount "100"]
[EventDate "2010.04.03"]
[EventType "tourn"]
[EventRounds "15"]
[EventCountry "MGL"]
[EventCategory "2"]
[SourceTitle "EXT 2011"]
[Source "ChessBase"]
[SourceDate "2010.11.26"]
[SourceVersion "1"]
[SourceVersionDate "2010.11.26"]
[SourceQuality "1"]

1. e4 e5 2. Nf3 Nc6 3. Bb5 a6 4. Ba4 Nf6 5. 0-0 b5 6. Bb3 Bb7 7. Re1 Bc5 8. c3 d6 9. d4 Bb6 10. a4 h6 11. axb5 axb5 12. Rxa8 Qxa8 13. Na3 0-0 14. d5 Ne7 15. Nxb5 Ng4 16. Nfd4 f5 17. exf5 Nxf2 18. Kxf2 Nxf5 19. Kg1 exd4 20. Kh1 Bxd5 21. Nxd4 Bxd4 22. cxd4 Kh8 23. Bxd5 Qxd5 24. Qc2 c6 25. Rd1 Nxd4 26. Qd2 Qe4 27. Qe1 Nc2 28. Qg1 d5 29. h3 d4 30. Bd2 Qe2 31. Bc1 c5 32. Rd2 Qe4 33. Rf2 Rxf2 34. Qxf2 Qe1+ 35. Qxe1 Nxe1 36. Bd2 Nd3 37. b3 Nf2+ 38. Kg1 Ne4 39. Ba5 Kg8 40. Kf1 d3 41. Bc7 Nd2+ 42. Kf2 Nxb3 43. Ke3 c4 44. Be5 Kf7 45. Bc3 h5 46. Bb4 Ke6 47. Bc3 g6 48. Bb4 Kd5 49. g4 hxg4 50. hxg4 Nc5 0-1

[Event "MGL-ch"]
[Site "Ulaanbaatar"]
[Date "2010.04.04"]
[Round "4"]
[White "Enkhsaikhan, Batmunkh"]
[Black "Gunbayar, Myagmarsuren"]
[Result "0-1"]
[WhiteElo "2196"]
[BlackElo "2311"]
[PlyCount "90"]
[EventDate "2010.04.03"]
[EventType "tourn"]
[EventRounds "15"]
[EventCountry "MGL"]
[EventCategory "2"]
[SourceTitle "EXT 2011"]
[Source "ChessBase"]
[SourceDate "2010.11.26"]
[SourceVersion "1"]
[SourceVersionDate "2010.11.26"]
[SourceQuality "1"]

1. e4 e5 2. Nf3 Nf6 3. Nc3 Nc6 4. Bb5 d6 5. d4 exd4 6. Nxd4 Bd7 7. Bxc6 bxc6 8. 0-0 c5 9. Nde2 Be7 10. Ng3 Rb8 11. Nce2 h5 12. Nf4 g6 13. Qd3 h4 14. Nge2 c6 15. b3 h3 16. Nxh3 Bxh3 17. gxh3 Qd7 18. Kg2 Nxe4 19. Nf4 d5 20. c4 g5 21. Bb2 Rh4 22. Ne2 Qf5 23. cxd5 cxd5 24. Rad1 Rb6 25. Ng1 d4 26. f3 Nd6 27. Qxf5 Nxf5 28. Bc1 Re6 29. Rfe1 Rhh6 30. f4 gxf4 31. Bxf4 Rhg6+ 32. Kh1 Bg5 33. Bxg5 Rxg5 34. Rxe6+ fxe6 35. Nf3 Rh5 36. b4 Ne3 37. Rc1 Rf5 38. Nd2 cxb4 39. Nb3 e5 40. Kg1 Ke7 41. Nd2 Kd6 42. Rc8 Rf7 43. Rd8+ Ke6 44. Re8+ Kf5 45. Kf2 Nd5 0-1

[Event "MGL-ch"]
[Site "Ulaanbaatar"]
[Date "2009.04.21"]
[Round "17"]
[White "Enkhsaikhan, Batmunkh"]
[Black "Khatanbaatar, Bazar"]
[Result "0-1"]
[WhiteElo "2146"]
[BlackElo "2403"]
[PlyCount "103"]
[EventDate "2009.04.11"]
[EventType "tourn"]
[EventRounds "17"]
[EventCountry "MGL"]
[EventCategory "2"]
[SourceTitle "CBM 130 Extra"]
[Source "ChessBase"]
[SourceDate "2009.07.02"]
[SourceVersion "2"]
[SourceVersionDate "2009.07.15"]
[SourceQuality "1"]

1. e4 c5 2. c3 Nf6 3. e5 Nd5 4. d4 cxd4 5. Nf3 e6 6. cxd4 d6 7. Bc4 Nc6 8. 0-0 Be7 9. Qe2 0-0 10. Nc3 Nxc3 11. bxc3 dxe5 12. dxe5 Qa5 13. Qe4 Qa4 14. Bg5 Bd7 15. Rfd1 Rad8 16. Bxe7 Nxe7 17. Qxb7 Qxc4 18. Rxd7 Qxc3 19. Rad1 Rxd7 20. Qxd7 Nc6 21. Qd2 Qxd2 22. Rxd2 Rb8 23. g3 h6 24. Rd6 Rb6 25. Rd3 g5 26. h3 Rb5 27. Rd6 Rb6 28. Rd3 Kg7 29. Kg2 Rb5 30. Rd6 Rb6 31. Rd3 Kg6 32. a3 h5 33. g4 hxg4 34. hxg4 Rb5 35. Rd6 Rc5 36. Rd7 Rc4 37. Kg3 Ra4 38. Rc7 Ra6 39. Kg2 Rb6 40. Rc8 Ne7 41. Rc7 Nd5 42. Rxa7 Nf4+ 43. Kg3 Rb3 44. Rd7 Rxa3 45. Rd1 Ne2+ 46. Kg2 Ra4 47. Kh3 Ra8 48. Kg2 Nf4+ 49. Kg1 Ra2 50. Kf1 Ra3 51. Ng1 Ra2 52. Ke1 0-1

[Event "MGL-ch"]
[Site "Ulaanbaatar"]
[Date "2009.04.15"]
[Round "7"]
[White "Enkhsaikhan, Batmunkh"]
[Black "Batchuluun, Tsegmed"]
[Result "1/2-1/2"]
[WhiteElo "2146"]
[BlackElo "2391"]
[PlyCount "100"]
[EventDate "2009.04.11"]
[EventType "tourn"]
[EventRounds "17"]
[EventCountry "MGL"]
[EventCategory "2"]
[SourceTitle "CBM 130 Extra"]
[Source "ChessBase"]
[SourceDate "2009.07.02"]
[SourceVersion "2"]
[SourceVersionDate "2009.07.15"]
[SourceQuality "1"]

1. e4 c5 2. c3 Nf6 3. e5 Nd5 4. d4 e6 5. Nf3 cxd4 6. cxd4 d6 7. Bc4 Nc6 8. 0-0 Be7 9. Qe2 0-0 10. Nc3 Nxc3 11. bxc3 dxe5 12. dxe5 b6 13. Qe4 Bb7 14. Bd3 g6 15. Bh6 Re8 16. Qe3 Bc5 17. Qe2 Ne7 18. Bb5 Bc6 19. Bxc6 Nxc6 20. h4 Ne7 21. Bg5 Qc7 22. Nd2 Kf8 23. Bf6 Ng8 24. Ne4 Be7 25. Bxe7+ Rxe7 26. f4 Rd8 27. Rfd1 Red7 28. Rxd7 Qxd7 29. Nd6 Qc6 30. c4 h5 31. g4 Qc5+ 32. Kg2 hxg4 33. Qxg4 Qe3 34. Rf1 Rd7 35. Qg5 Ne7 36. Qf6 Ng8 37. Qg5 Ne7 38. Qf6 Qe2+ 39. Rf2 Qg4+ 40. Kh2 Ng8 41. Qg5 Qh5 42. Qxh5 gxh5 43. Rc2 Ne7 44. Kg3 f6 45. c5 bxc5 46. Rxc5 fxe5 47. fxe5 Ng6 48. Rc8+ Kg7 49. Re8 Re7 50. Rxe7+ Nxe7 1/2-1/2